Central Library OPAC University of Rajshahi

A winter in Arabia / (Record no. 23887)

MARC details
000 -LEADER
fixed length control field 00688cam a2200229u 4500
001 - CONTROL NUMBER
control field 23887
003 - CONTROL NUMBER IDENTIFIER
rucl marc code BD-RjUL
005 - DATE AND TIME OF LATEST TRANSACTION
control field 20211209001001.0
008 - FIXED-LENGTH DATA ELEMENTS--GENERAL INFORMATION
fixed length control field 140312r19481940enkbf 000 0 eng
035 ## - SYSTEM CONTROL NUMBER
System control number (BD-RjUL)23952
040 ## - CATALOGING SOURCE
Original cataloging agency DLC
Transcribing agency CarP
Modifying agency DLC
-- BD-RjUL
Language of cataloging eng
041 ## - LANGUAGE CODE
Language code of text/sound track or separate title eng
082 00 - DEWEY DECIMAL CLASSIFICATION NUMBER
Edition number 21
Classification number 915.2
Author mark and year STW 1948
100 1# - MAIN ENTRY--PERSONAL NAME
Personal name Stark, Freya.
9 (RLIN) 73550
245 12 - TITLE STATEMENT
Title A winter in Arabia /
Statement of responsibility, etc. Freya Stark.
260 ## - PUBLICATION, DISTRIBUTION, ETC. (IMPRINT)
Place of publication, distribution, etc. London :
Name of publisher, distributor, etc. John Murray,
Date of publication, distribution, etc. 1940 [Reprinted 1948].
300 ## - PHYSICAL DESCRIPTION
Pagination x ,265 p. :
Illustrations plates, ports, maps. ;
Size 20 cm.
651 #0 - SUBJECT ADDED ENTRY--GEOGRAPHIC NAME
Geographic name Ḥaḍramawt (Yemen : Province)
General subdivision Description and travel.
9 (RLIN) 71530
942 ## - ADDED ENTRY ELEMENTS (KOHA)
Source of classification or shelving scheme Dewey Decimal Classification
Koha item type Books
Holdings
Lost status Source of classification or shelving scheme Damaged status Not for loan Collection code Permanent Location Current Location Shelving location Date acquired Source of acquisition Cost, normal purchase price Total Checkouts Full call number Date last seen Copy number Koha item type
  Dewey Decimal Classification   Added to bundle Non-fiction Central Library, University of Rajshahi Central Library, University of Rajshahi Reading Room 07/08/1956 B. H. Black Well 9.00   915.2 STW 1948 12/03/2014 C-1 Books